000 00780nam a22001817a 4500
003 BR-ViAPE
005 20260515112434.0
008 260515s1841 por gsf||||000 0 por d
040 _cBR-ViAPE
245 _aNotícia histórica da Vila de Nova Almeida da Província do ES
260 _a[s.l.]
_b[s.n.]
_c1841
300 _a57 p.
_bDocumento digitalizado (PDF)
500 _aDocumento digitalizado do acervo institucional do Arquivo Público do Estado do Espírito Santo - APEES.
650 _aHistória
_zNova Almeida (Espírito Santo)
651 _aEspírito Santo (Brasil)
856 _uhttps://ape.es.gov.br/Media/ape/PDF/Livros/Livros_Historicos/Obras_raras/seculo_XIX/APEES_OR_noticia_historica_da_1841.pdf
_yCLIQUE AQUI PARA ACESSAR O DOCUMENTO
942 _2ddc
_cOBRAS_RARA
_n1
999 _c678
_d678